000 00275nam a2200109Ia 4500
008 220120s9999||||xx |||||||||||||| ||und||
100 _aVenkatagirigowda
245 0 _aEconomic performance
260 _bBangalore
300 _a520p.
_b0
650 _aDIGITAL DESIGN/LOGIC DESIGN
999 _c136711
_d136711